Joueurs avec au moins 4 LDC - Statistiques

Statistiques générales
  • Ce quiz a été pris 2 978 fois
    2 944 depuis la dernière actualisation
  • Le résultat moyen est 12 sur 23
Statistiques - réponses
Nombre LDC Joueurs % Correct
5 (1+4) Cristiano Ronaldo
99%
4 Lionel Messi
94%
4 Luka Modric
88%
4 Karim Benzema
86%
4 (1+3) Toni Kroos
82%
4 Sergio Ramos
76%
4 Gareth Bale
67%
4 Marcelo
67%
4 Andrés Iniesta
65%
4 Daniel Carvajal
65%
4 Xavi
64%
4 Casemiro
63%
4 Raphaël Varane
59%
4 (1+3) Gerard Piqué
47%
5 Paolo Maldini
39%
4 Isco
34%
5 Alfredo Di Stéfano
31%
4 (1+1+2) Clarence Seedorf
23%
6 Francisco Gento
18%
5 Alessandro Costacurta
3%
5 José María Zárraga
1%
4 Marcos Alonso Imaz
1%
4 Phil Neal
1%
Aucun quiz correspondant
Distribution des résultats
% des personnes avec chaque résultat
Percentile par nombre de réponses
Votre historique - résultats
Vous n’avez pas pris ce quiz depuis la dernière actualisation